Fronteres / [direcció: Michel Côté ; coordinació: Marina Palà] Michel Côté ; coordinació:
ISBN:
978-84-9803-208-6
Descripción Física:
205 p. : fot. col. ; 24 cm
Materias:
Fronteres -- Exposicions
MARC
| LEADER | 00000nam a2200000Ia 4500 | ||
|---|---|---|---|
| 001 | 19028 | ||
| 008 | 160829s2007 xx 000 0 cat d | ||
| 020 | |a 978-84-9803-208-6 | ||
| 080 | |a M-5-408 | ||
| 245 | |a Fronteres / [direcció: |b Michel Côté ; coordinació: |b Marina Palà] | ||
| 260 | |a Barcelona : |b Diputació de Barcelona : |b Centre de Cultura Contemporània de Barcelona, |c 2007 | ||
| 300 | |a 205 p. : |b fot. col. ; |c 24 cm | ||
| 590 | |a Catàleg de l'exposició celebrada a Lió entre el 3 d'octubre de 2006 i el 4 de febrer de 2007, i presentada al CCCB entre el 3 de maig i el 30 de setembre de 2007. | ||
| 590 | |a Resums en castellà. | ||
| 590 | |a Bibliografia | ||
| 650 | |a Fronteres |x Exposicions |9 46013 | ||
| 700 | |a Côté, Michel, dir. I |9 46014 | ||
| 700 | 1 | |a Palà, Marina |e editor |9 41454 | |
| 710 | 2 | |a Centre de Cultura Contemporània de Barcelona |9 52510 | |
| 710 | 1 | |a Barcelona (Catalunya : Província). |b Diputació |9 52408 | |
| 901 | |a Arxiu | ||
| 942 | |n 1 |2 udc | ||
| 952 | |0 0 |1 0 |4 0 |6 M5408 |7 1 |9 52927 |a Arxiu |b Arxiu |d 2016-12-01 |l 0 |o M-5-408 |p 19028 |r 2016-12-01 00:00:00 |w 2016-12-01 |y ARXIU | ||
| 999 | |c 56776 |d 56776 | ||